|
|
|
|
| LEADER |
02566nam a22004935i 4500 |
| 001 |
978-0-306-46923-7 |
| 003 |
DE-He213 |
| 005 |
20151028141222.0 |
| 007 |
cr nn 008mamaa |
| 008 |
100301s2002 xxu| s |||| 0|eng d |
| 020 |
|
|
|a 9780306469237
|9 978-0-306-46923-7
|
| 024 |
7 |
|
|a 10.1007/b114168
|2 doi
|
| 040 |
|
|
|d GrThAP
|
| 050 |
|
4 |
|a QD551-578
|
| 072 |
|
7 |
|a PNRH
|2 bicssc
|
| 072 |
|
7 |
|a SCI013050
|2 bisacsh
|
| 082 |
0 |
4 |
|a 541.37
|2 23
|
| 245 |
1 |
0 |
|a Modern Aspects of Electrochemistry
|h [electronic resource] /
|c edited by J. O’M. Bockris, B. E. Conway, Ralph E. White.
|
| 264 |
|
1 |
|a Boston, MA :
|b Springer US,
|c 2002.
|
| 300 |
|
|
|a XI, 283 p. 29 illus.
|b online resource.
|
| 336 |
|
|
|a text
|b txt
|2 rdacontent
|
| 337 |
|
|
|a computer
|b c
|2 rdamedia
|
| 338 |
|
|
|a online resource
|b cr
|2 rdacarrier
|
| 347 |
|
|
|a text file
|b PDF
|2 rda
|
| 490 |
1 |
|
|a Modern Aspects of Electrochemistry,
|x 0076-9924 ;
|v 34
|
| 505 |
0 |
|
|a A Critique of the Additivity Principle for Mixed Couples -- Voltaic Cells in Electrochemistry and Surface Chemistry of Liquids -- Direct Methanol Fuel Cells: From a Twentieth Century Electrochemist’s Dream to a Twenty-first Century Emerging Technology -- Transport Properties of Molten Salts -- Application of Electrochemical Techniques to the Study of Microbiologically Influenced Corrosion.
|
| 520 |
|
|
|a Recognized experts present incisive analysis of both fundamental and applied problems in this continuation of a highly-acclaimed series. Topics discussed include: The way in which electrochemical systems may function as on a single electrode; The foundational area of voltaic measurements at liquid interfaces; Direct methanol fuel cells, which would avoid the unpleasant necessity faced by the current general of fuel cells - namely, using hydrogen; Dynamic processes in molten salts; Electrochemical techniques and Microbial Induced Corrosion (MIC).
|
| 650 |
|
0 |
|a Chemistry.
|
| 650 |
|
0 |
|a Physical chemistry.
|
| 650 |
|
0 |
|a Electrochemistry.
|
| 650 |
1 |
4 |
|a Chemistry.
|
| 650 |
2 |
4 |
|a Electrochemistry.
|
| 650 |
2 |
4 |
|a Physical Chemistry.
|
| 700 |
1 |
|
|a Bockris, J. O’M.
|e editor.
|
| 700 |
1 |
|
|a Conway, B. E.
|e editor.
|
| 700 |
1 |
|
|a White, Ralph E.
|e editor.
|
| 710 |
2 |
|
|a SpringerLink (Online service)
|
| 773 |
0 |
|
|t Springer eBooks
|
| 776 |
0 |
8 |
|i Printed edition:
|z 9780306464621
|
| 830 |
|
0 |
|a Modern Aspects of Electrochemistry,
|x 0076-9924 ;
|v 34
|
| 856 |
4 |
0 |
|u http://dx.doi.org/10.1007/b114168
|z Full Text via HEAL-Link
|
| 912 |
|
|
|a ZDB-2-CMS
|
| 912 |
|
|
|a ZDB-2-BAE
|
| 950 |
|
|
|a Chemistry and Materials Science (Springer-11644)
|